• 首页
  • 本馆介绍
  • 公告通知
  • 最新文献
  • 馆藏检索
  • 电子资源
  • 读者导购
  • 参考咨询
  • 我的图书馆
  • 登录
  • 详细信息显示
  • 放入我的书架
  • 预约/预借图书
  • 作者相关作品
  • 分类相关作品
  • 丛书相关作品
  • 出版社相关作品

书目信息

  • 表格格式
  • 工作单格式
  • 卡片格式
题名:
冷战后美国的中东政策
    
 
作者: 高祖贵 著
分册:  
出版信息: 北京   中共中央党校出版社  2001
页数: 322页
开本: 21cm
丛书名:
单 册:
中图分类: D871.20
科图分类:
主题词: 外交关系 , 美国对外政策--中东问题--研究
电子资源:
ISBN: 7-5035-2296-8
000 00856nam0 2200265 45
001 0501101386
005 20091022084251.07
010    @a7-5035-2296-8@dCNY18.00
100    @a20050110d2001 km y0chiy0120 ea
101 0  @achi
102    @aCN@b110000
105    @ay z 000yy
200 1  @a冷战后美国的中东政策@ALeng Zhan Hou Mei Guo De Zhong Dong Zheng Ce@f高祖贵著
210    @a北京@c中共中央党校出版社@d2001
215    @a322页@d21cm
300    @a中共中央党校博士文库
308    @a丛书第一批
330    @a冷战后,美国极力谋求建立和尽可能长期维持单极世界,中东成为美国实现和维护全球霸权的“基础知识”。本书详细阐述美国的中东政策。
606 0  @a外交关系
606 0  @a美国对外政策@x中东问题@x研究
690    @aD871.20@v4
701  0 @a高祖贵@AGao Zu Gui@4著
801    @aCN@bAHTY@c20091022
905    @aBZT@dD871.20@e1
906    @dCNY18.00@n0@r1
    
    冷战后美国的中东政策/高祖贵著.-北京:中共中央党校出版社,2001
    322页;21cm
    中共中央党校博士文库
    
    ISBN 7-5035-2296-8:CNY18.00
    冷战后,美国极力谋求建立和尽可能长期维持单极世界,中东成为美国实现和维护全球霸权的“基础知识”。本书详细阐述美国的中东政策。
●
相关链接 在五车中查询图书 在当当中查询图书 在豆瓣中查询图书


正题名:冷战后美国的中东政策     索取号:D871.20/1         预约/预借

序号 登录号 条形码 馆藏地/架位号 状态 备注
1 390490   210036753   中心书库南/012架A面6层5列/ [索取号:D871.20/1] 在馆    
2 390491   210036744   中心书库南/012架A面6层5列/ [索取号:D871.20/1] 在馆    
3 390492   210036735   中心书库南/012架A面6层5列/ [索取号:D871.20/1] 在馆    
4 390493   210036726   中心书库南/012架A面6层5列/ [索取号:D871.20/1] 在馆    
5 390494   210036691   中心书库南/012架A面6层5列/ [索取号:D871.20/1] 在馆    
6 390495   210036682   中心书库南/012架A面6层5列/ [索取号:D871.20/1] 在馆    
7 390496   210036673   中心书库南/012架A面6层5列/ [索取号:D871.20/1] 在馆    
8 390497   210036664   中心书库南/012架A面6层5列/ [索取号:D871.20/1] 在馆    
9 390498   210036717   中心书库南/012架A面6层5列/ [索取号:D871.20/1] 在馆    
10 390499   210036708   中心书库南/012架A面6层5列/ [索取号:D871.20/1] 在馆    
山东省滨州职业学院图书馆 欢迎您!
大连网信软件有限公司© 版权所有